000 00405nam a22001817a 4500
005 20160119122554.0
008 160119b xxu||||| |||| 00| 0 eng d
020 _c70
040 _aLoreto College
041 _aBengali
082 _a891.44
_b(J) BAR
245 _aBaromash
260 _aKolkata
_c2006
300 _a396p.
651 _aEast Indo-European & Celtic
850 _aLCLIB
942 _cBK
999 _c40355
_d90834